Szczegóły MARC21

Słownik geologii dynamicznej /

003 -Nazwa inst., której nr kontr. jest w polu 001 [,]
    • @
    • Nazwa instytucji, której n kontrolny jest w polu 001
    • NUKAT
005 -DATA I CZAS OSTATNIEJ MODYFIKACJI [,]
    • @
    • pole kontrolne
    • 20241231103222.0
020 -Międzynarod. znormalizowany nr książki - ISBN [ , ]
    • a
    • Numer ISBN
    • 8322001967 Find
040 -Instytucja sporządzająca opis [ , ]
    • a
    • Instytucja, która sporządziła opis (NP)
    • TOR U/MKO
    • b
    • Język katalogowania
    • pol
    • e
    • Zasady katalogowania
    • rda
    • c
    • Instytucja, która sporządziła rekord (NP)
    • TOR U/MKO
    • d
    • Instytucja, która zmodyfikowała rekord (P)
    • TOR U/LF
    • d
    • Instytucja, która zmodyfikowała rekord (P)
    • GD U/JDs
    • d
    • Instytucja, która zmodyfikowała rekord (P)
    • GL 001/EZN
    • d
    • Instytucja, która zmodyfikowała rekord (P)
    • GL 001/JK
    • d
    • Instytucja, która zmodyfikowała rekord (P)
    • GL 001/FMM
942 -Rodzaj dokumentu [ , ]
    • c
    • Rodzaj dokumentu
    • Książka
100 -Hasło główne - nazwa osobowa [1, ]
    • a
    • Nazwa osobowa (NP)
    • Jaroszewski, Wojciech
    • d
    • Daty biograficzne (NP)
    • (1935-1993).
    • e
    • Rodzaj współpracy
    • Autor
    • e
    • Rodzaj współpracy
    • Redakcja
    • 9
    • KHW
    • 60332
245 -Strefa tytułu i oznaczenia odpowiedzialności [1,0]
    • a
    • Tytuł
    • Słownik geologii dynamicznej / Find
    • c
    • Pozostałe elementy strefy tytułu i oznaczenia odpowiedzialności (NP)
    • Wojciech Jaroszewski, Leszek Marks, Andrzej Radomski ; pod redakcją Wojciecha Jaroszewskiego.
250 -Strefa wydania [ , ]
    • a
    • Oznaczenie wydania (NP)
    • Wydanie I.
260 -Strefa adresu wydawniczego [ , ]
    • a
    • Miejsce wydania (P)
    • Warszawa :
    • b
    • Nazwa wydawcy (P)
    • Wydawnictwa Geologiczne,
    • c
    • Data wydania (P)
    • 1985.
300 -Strefa opisu fizycznego [ , ]
    • a
    • Określenie formy książki i/lub objętość (NP)
    • 310 stron, [16] stron tablic :
    • b
    • Oznaczenie ilustracji (NP)
    • ilustracje, errata ;
    • c
    • Format (NP)
    • 24 cm.
336 -Typ zawartości [ , ]
    • a
    • Termin opisujący typ zawartości
    • Tekst
    • b
    • Kod określający zawartość
    • txt
    • 2
    • Źródło (terminu i kodu)
    • rdacontent
337 -Typ mediów [ , ]
    • a
    • Tryb odtwarzania
    • Bez urządzenia pośredniczącego
    • b
    • Kod typu mediów
    • n
    • 2
    • Źródło (terminu i kodu)
    • rdamedia
338 -Typ/rodzaj nośnika [ , ]
    • a
    • Hasło opisujące typ nośnika
    • Wolumin
    • b
    • Kod typu nośnika
    • nc
    • 2
    • Źródło (terminu i kodu)
    • rdacarrier
504 -Uwaga dot. bibliogr. załącznikowej [ , ]
    • a
    • Uwaga dot. bibliografii załącznikowej
    • Bibliografia na stronach [309]-310.
510 -Uwaga dot. cytaty bibliograficznej [4, ]
    • a
    • Nazwa źródła
    • PB'1985,
    • c
    • Umiejscowienie w źródle
    • 8501
080 -Uniwersalna Klasyfikacja Dziesiętna [ , ]
    • 2
    • Identyfikator wydania tablic
    • UDC-P058
    • a
    • Symbol klasyfikacji
    • 551.1/.4
    • b
    • Dopowiedzenie
    • Geologia ogólna: fizyczna i dynamiczna.
    • 9
    • UKD
    • 4250
    • 4
    • UKD2
    • 7663
    • x
    • Poddział wspólny
    • (038)
    • c
    • Dopowiedzenie poddz. wspólnego
    • (Słowniki).
650 -Hasło przedmiotowe [ ,7]
    • a
    • Hasło przedmiotowe
    • Geodynamika
    • v
    • Określnik formalny
    • słowniki.
    • 2
    • Źródło terminu
    • kaba
    • 9
    • KHW
    • 362629
980 -Symbol UKD [ , ]
    • a
    • UKD
    • 551.1/.4(038)
700 -Hasło dodatkowe - nazwa osobowa [1, ]
    • a
    • Nazwa osobowa (NP)
    • Marks, Leszek Find
    • d
    • Daty biograficzne (NP)
    • (1951- ).
    • e
    • Określenie rodzaju współpracy
    • Autor
    • 9
    • KHW
    • 71892
700 -Hasło dodatkowe - nazwa osobowa [1, ]
    • a
    • Nazwa osobowa (NP)
    • Radomski, Andrzej Find
    • d
    • Daty biograficzne (NP)
    • (1929-2007).
    • e
    • Określenie rodzaju współpracy
    • Autor
    • 9
    • KHW
    • 71893
710 -Hasło dodatkowe - nazwa ciała zbiorowego [2, ]
    • a
    • Nazwa ciała zbiorowego lub nazwa geograficzna jako pierwszy element (NP)
    • Wydawnictwa Geologiczne.
    • e
    • Rodzaj współpracy
    • Wydawca
    • 4
    • Kod relacji
    • pbl
    • 9
    • KHW
    • 70830
920 -ISBN [ , ]
    • a
    • ISBN
    • 83-220-0196-7 Find
Lokalizacja Data inwentaryzacji Status udost. Sygnatura Numer inwentarzowy
BG1997-03-05-5W.130061W.130063
BG1997-03-05-5W.130061W.130062
BG1997-03-05-5W.130061W.130061
BG1997-03-06-5 W.189207
BG1997-03-06-5 W.189208
BG1997-03-06-5 W.189209
BG1997-03-06-5 W.189211
BG1997-03-06-5 W.189212
BG1997-03-062 W.189213
BG1997-03-062 W.189219
BG1997-03-062 W.189221
BG1997-03-062 W.189222
BG1997-03-062 W.189225
BG1997-03-062 W.189236
BG1997-03-062 W.189238
BG1998-08-142 Bl.7084
BG1998-12-092 Bl.7736
BG1998-12-092 Bl.7737
BG1998-12-091Z.92907Z.92907
BG1997-03-06-5W.130061W.189200
BG1997-03-06-5W.130061W.189201
BG1997-03-06-5W.130061W.189202
BG1997-03-06-5W.130061W.189203
BG1997-03-06-5W.130061W.189204
BG1997-03-06-5W.130061W.189205
BG1997-03-06-5W.130061W.189206
BG1997-03-06-5W.130061W.189210
BG1997-03-06-5W.130061W.189214
BG1997-03-06-5W.130061W.189215
BG1997-03-06-5W.130061W.189216
BG1997-03-06-5W.130061W.189217
BG1997-03-06-5W.130061W.189218
BG1997-03-06-5W.130061W.189220
BG1997-03-06-5W.130061W.189223
BG1997-03-06-5W.130061W.189224
BG1997-03-06-5W.130061W.189226
BG1997-03-06-5W.130061W.189227
BG1997-03-06-5W.130061W.189228
BG1997-03-06-5W.130061W.189229
BG1997-03-06-5W.130061W.189230
BG1997-03-06-5W.130061W.189231
BG1997-03-06-5W.130061W.189232
BG1997-03-06-5W.130061W.189233
BG1997-03-06-5W.130061W.189234
BG1997-03-06-5W.130061W.189235
BG1997-03-06-5W.130061W.189237
BG1997-03-06-5W.130061W.189239
BG1997-03-052 N.10058
BG 1 Z.62775
BG -3 W.135583
BG1997-03-052 Bl.3963
BG1997-03-062 Bl.6480
BG1997-03-062 Bl.6481
BG 2 Bl.647